| 000 | 00492nam a22001817a 4500 | ||
|---|---|---|---|
| 003 | CEME | ||
| 005 | 20210628205052.0 | ||
| 008 | 210121b xxu||||| |||| 00| 0 eng d | ||
| 020 | _a0-14-302989-4 | ||
| 040 | _cceme | ||
| 082 | _a954 THA | ||
| 100 |
_aThapar, Romila _96739 |
||
| 245 | _aThe penguin history of early india, from the origins to ad 1300 | ||
| 260 |
_aNEW DELHI _bPENGUIN BOOKS _c2000 |
||
| 300 | _aXVII,555 P | ||
| 650 |
_aHISTORY OF EARLY INDIA _973720 |
||
| 942 |
_cBK _2ddc |
||
| 999 |
_c579383 _d579383 |
||